Statistics for Countries that end with o

Click here to take the quiz!

General Stats

  • This quiz has been taken 65 times
  • The average score is 8 of 12

Answer Stats

Country% Correct
Togo
85%
Kosovo
79%
Lesotho
79%
Monaco
72%
Democratic Republic of the Congo
70%
Republic of the Congo
70%
Montenegro
67%
Morocco
66%
Mexico
61%
San Marino
54%
Trinidad and Tobago
52%
Burkina Faso
43%

Score Distribution

Percentile by Number Answered

Percent of People with Each Score

Your Score History

You have not taken this quiz